Vybrané aspekty samozamestnávania v podmienkach Slovenskej republiky

Samozamestnanie v SR. Pozitívne a negatívne motívy samozamestnania. Bariéry samozamestnávania. Výzva k výchove k podnikaniu, ktorá musí byť súčasťou obsahu podnikateľského vzdelávania na školách už od základných škôl. Podnikanie si vyžaduje spoločenskú úctu a uznanie.

Salvato in:
Dettagli Bibliografici
Autore principale: Velichová, Ľudmila
Natura: Capitolo di libro
Lingua:slovacco
Soggetti:
Tags: Aggiungi Tag
Nessun Tag, puoi essere il primo ad aggiungerne!!

MARC

LEADER 00000nla a2200000 4500
001 0237931
005 20240502095010.7
041 0 |a slo 
044 |a SK 
245 1 0 |a Vybrané aspekty samozamestnávania v podmienkach Slovenskej republiky  |c Ľudmila Velichová 
520 |a Samozamestnanie v SR. Pozitívne a negatívne motívy samozamestnania. Bariéry samozamestnávania. Výzva k výchove k podnikaniu, ktorá musí byť súčasťou obsahu podnikateľského vzdelávania na školách už od základných škôl. Podnikanie si vyžaduje spoločenskú úctu a uznanie. 
610 2 0 |a podnikanie 
610 2 0 |a podnik 
610 2 0 |a mikropodnik 
610 2 0 |a vzdelávanie 
610 2 0 |a bariéry podnikania 
610 2 0 |a samozamestnanosť 
610 2 0 |a Slovensko 
100 1 |a Velichová, Ľudmila